000 01460nam a22003977a 4500
003 CHAP
005 20220329141132.0
008 971010s1975 r 00010 d
010 _a63167
011 _a64139
035 _a69381
040 _cCHAP
082 _a863
_bA77
100 0 0 _aArreola, Juan José.
_97462
245 _aConfabulario
260 _aMéxico, D. F. :
_bJoaquín Mortíz,
_c1975
300 _a163 p.
490 _aObras de Juan José Arreola
590 _aBATCH-UPD
_b10
_c20130110
_lUCH01
_h0422
590 _aBATCH-UPD
_b10
_c20130110
_lUCH01
_h2314
590 _aBATCH-UPD
_b10
_c20130410
_lUCH01
_h0057
590 _aBATCH-UPD
_b10
_c20130410
_lUCH01
_h1604
590 _aBATCH-UPD
_b10
_c20130914
_lUCH01
_h1727
590 _aCONVERSION
_b10
_c20130109
_lUCH01
_h1334
650 1 4 _aLiteratura mexicana.
_967138
830 0 _aObras de Juan José Arreola
_982546
901 _aBK
942 _cLIBRO
949 _a863 A77
_bBC
_cLIBRO
_d-63129
_eLIBRO
_fc.17
_h36677
_i69381
_si
949 _a863 A77
_bBC
_cLIBRO
_d-63130
_eLIBRO
_fc.18
_h36678
_i69381
_si
949 _a863 A77
_bBC
_cLIBRO
_d33724000256400
_eLIBRO
_fc.2
_h36662
_i69381
_si
949 _a863 A77
_bBC
_cLIBRO
_d33724000256418
_eLIBRO
_fc.23
_h36683
_i69381
_si
949 _a863 A77
_bBC
_cLIBRO
_d33724000256442
_eLIBRO
_fc.4
_h36664
_i69381
_si
949 _a863 A77
_bBC
_cLIBRO
_d33724000256566
_eLIBRO
_h36661
_i69381
_si
949 _a863 A77
_bBC
_cLIBRO
_d33724002111009
_eLIBRO
_fc.3
_h36663
_i69381
_si
999 _c63167
_d63167